000 00832nam a2200217Ia 4500
005 20240530110943.0
008 140319s2001 xx 000 0 ara d
020 _a9772155796
040 _aGCL /
_cGCL
082 0 4 _a922.1 /
_bس ح
100 1 _aسعد القاضى
245 1 0 _aالامام السبط سيدنا الحسين بن على رضى الله عنهما /
_cسعد القاضى
260 _aالقاهرة :
_bدار غريب للطباعة والنشر والتوزيع،
_c2001
300 _a63 ص ؛
_c24 ص
650 0 4 _aالحسين بن على رضى الله عنه
650 0 4 _aالاسلام - تراجم
650 0 4 _aالرجال - تراجم
653 _aاستشهاد سيدنا الحسين رضى الله عنه
942 _2ddc
_cBK
999 _c66861
_d66861